[Event "South African op"]
[Site "Durban"]
[Date "2017.07.15"]
[Round "2"]
[White "Mgobhozi, Bhekinkosi"]
[Black "Acar, Cameron Gavin"]
[Result "1-0"]
[WhiteElo "1837"]
[BlackElo "1247"]
[PlyCount "65"]
[EventDate "2017.07.14"]
[EventType "swiss"]
[EventRounds "11"]
[EventCountry "RSA"]
[SourceTitle "EXT 2018"]
[Source "ChessBase"]
[SourceDate "2017.10.13"]
[SourceVersion "1"]
[SourceVersionDate "2017.10.13"]
[SourceQuality "1"]

1. e4 c6 2. d4 d5 3. exd5 cxd5 4. Bd3 Nf6 5. c3 Bg4 6. Qb3 Qc7 7. Bg5 e6 8. Nd2 Nbd7 9. Ngf3 h6 10. Bh4 Bd6 11. 0-0 0-0 12. Rae1 Rab8 13. Bxf6 Nxf6 14. Ne5 Bxe5 15. Rxe5 Nd7 16. Re3 Qb6 17. Qc2 Qd6 18. Rfe1 Rfe8 19. h3 Bh5 20. g4 f5 21. gxh5 f4 22. R3e2 e5 23. Bg6 Re7 24. dxe5 Nxe5 25. Kh1 f3 26. Re3 Rf8 27. Rg1 Qd7 28. Rg3 Rf4 29. Nxf3 Rxf3 30. Rexf3 Nxf3 31. Rxf3 Re1+ 32. Kg2 Qe7 33. Qf5 1-0

[Event "South African op"]
[Site "Durban"]
[Date "2017.07.14"]
[Round "1"]
[White "Modi, Sonia"]
[Black "Mgobhozi, Bhekinkosi"]
[Result "0-1"]
[WhiteElo "1465"]
[BlackElo "1837"]
[PlyCount "66"]
[EventDate "2017.07.14"]
[EventType "swiss"]
[EventRounds "11"]
[EventCountry "RSA"]
[SourceTitle "EXT 2018"]
[Source "ChessBase"]
[SourceDate "2017.10.13"]
[SourceVersion "1"]
[SourceVersionDate "2017.10.13"]
[SourceQuality "1"]

1. c4 g6 2. g3 Bg7 3. Bg2 d6 4. Nc3 Nf6 5. Nf3 0-0 6. 0-0 c6 7. d4 d5 8. Nd2 dxc4 9. Nxc4 Nbd7 10. e4 Nb6 11. Ne5 Be6 12. Bf4 Nfd7 13. Nxd7 Qxd7 14. d5 cxd5 15. exd5 Bg4 16. Qb3 Rfd8 17. Nb5 Be2 18. Nc7 Bc4 19. Qb4 Rac8 20. Rfe1 Rxc7 21. Bxc7 Qxc7 22. Rxe7 Qb8 23. Qd2 Bf6 24. Re3 Nxd5 25. Bxd5 Bxd5 26. Qe2 Bc6 27. Re1 Qd6 28. Qg4 Qd5 29. Re4 Bxb2 30. Qf3 Kg7 31. h4 Re8 32. h5 Rxe4 33. h6+ Kxh6 0-1

[Event "Witwatersrand op"]
[Site "Witwatersrand"]
[Date "2017.07.05"]
[Round "5.1"]
[White "Mgobhozi, Bhekinkosi"]
[Black "De Abreu, Roberto N"]
[Result "0-1"]
[WhiteElo "1837"]
[BlackElo "2111"]
[PlyCount "114"]
[EventDate "2017.07.03"]
[EventType "swiss"]
[EventRounds "9"]
[EventCountry "RSA"]
[SourceTitle "EXT 2018"]
[Source "ChessBase"]
[SourceDate "2017.10.13"]
[SourceVersion "1"]
[SourceVersionDate "2017.10.13"]
[SourceQuality "1"]

1. e4 e6 2. d4 d5 3. Nc3 Bb4 4. e5 c5 5. Bd2 Ne7 6. Nb5 Bxd2+ 7. Qxd2 0-0 8. Nf3 cxd4 9. Bd3 Nbc6 10. Nbxd4 f6 11. Nxc6 Nxc6 12. exf6 Rxf6 13. 0-0-0 Qb6 14. Qe2 Bd7 15. a3 Re8 16. Bb5 a6 17. Ba4 Rf4 18. Bxc6 Bxc6 19. Qe3 Qxe3+ 20. fxe3 Rg4 21. Rhg1 e5 22. Rde1 Kf7 23. Kd2 Ke6 24. b3 Rf8 25. Rc1 Kd6 26. Kc3 e4 27. Nd4 Rf2 28. Rcf1 Rxf1 29. Rxf1 Rxg2 30. Rf7 Rxh2 31. Rxg7 Rh3 32. Kd2 Rh2+ 33. Kc3 Bd7 34. b4 h5 35. Rh7 h4 36. Rh6+ Kc7 37. Ne6+ Bxe6 38. Rxe6 Re2 39. Kd4 Rd2+ 40. Kc3 Re2 41. Kd4 Rxc2 42. Kxd5 Rd2+ 43. Kxe4 Rd6 44. Re7+ Rd7 45. Re5 Rh7 46. Rc5+ Kb6 47. Rc2 h3 48. Rh2 Kb5 49. Kd4 Ka4 50. Kc3 Kxa3 51. e4 b5 52. e5 a5 53. bxa5 b4+ 54. Kc2 b3+ 55. Kb1 Rg7 56. Kc1 Rg1+ 57. Kd2 Rg2+ 0-1